| 000 | 01197nam a22003497a 4500 | ||
|---|---|---|---|
| 003 | CHAP | ||
| 005 | 20220329135404.0 | ||
| 008 | 971013s1977 r 00010 d | ||
| 010 | _a35506 | ||
| 011 | _a36478 | ||
| 035 | _a40597 | ||
| 040 | _cCHAP | ||
| 082 |
_a581.1592 _bO76 |
||
| 110 |
_aOrganismo Internacional de Energía Atómica _983512 |
||
| 245 |
_aInduced mutations against plant diseases _b: proceedings at a symposium on the use of induced mutations... |
||
| 260 |
_aVienna : _bOIEA, _c1977 |
||
| 300 |
_a581 p. _b: ilus. ; gráfs. |
||
| 490 | _aProceedings series | ||
| 590 |
_aBATCH-UPD _b10 _c20130110 _lUCH01 _h0144 |
||
| 590 |
_aBATCH-UPD _b10 _c20130110 _lUCH01 _h0933 |
||
| 590 |
_aBATCH-UPD _b10 _c20130410 _lUCH01 _h0551 |
||
| 590 |
_aBATCH-UPD _b10 _c20130914 _lUCH01 _h1118 |
||
| 590 |
_aCONVERSION _b10 _c20130109 _lUCH01 _h1320 |
||
| 650 | 1 | 4 |
_aCultivos _xVariedades resistentes a enfermedades. _930335 |
| 650 | 1 | 4 |
_aFitopatología. _941161 |
| 650 | 1 | 4 |
_aGermoplasma. _947766 |
| 650 | 1 | 4 |
_aMutación en plantas. _979907 |
| 830 | 0 |
_aProceedings series _991731 |
|
| 901 | _aBK | ||
| 942 | _cLIBRO | ||
| 949 |
_a581.1592 O76 _bBC _cLIBRO _d33724000510186 _eLIBRO _h60308 _i40597 _si |
||
| 999 |
_c35506 _d35506 |
||